Point-Scoring F1 Constructors (2011-2020) - Statistics

General Stats
  • This quiz has been taken 545 times
  • The average score is 14 of 16
Answer Stats
Total Points Team Name Highest Constructors Championship Finish % Correct
3,899 Ferrari 2nd (2012, 2015, 2017, 2018, 2019)
100%
5,471 Mercedes Champions (2014, 2015, 2016, 2017, 2018, 2019, 2020)
100%
4,289 Red Bull Racing Champions (2011, 2012, 2013)
99%
1,720 McLaren 2nd (2011)
98%
892 Williams 3rd (2014, 2015)
96%
532 Renault 4th (2018)
94%
200 Haas 5th (2018)
89%
958 Force India 4th (2016, 2017)
88%
268 Racing Point 4th (2020)
88%
431 Toro Rosso 6th (2019)
85%
65 Alfa Romeo 8th (2019, 2020)
82%
107 Alphatauri 7th (2020)
82%
318 Sauber 6th (2012)
82%
706 Lotus 4th (2012, 2013)
78%
2 Marussia 9th (2014)
62%
1 Manor Racing 11th (2016)
55%
No matching quizzes found
Score Distribution
Percent of People with Each Score
Percentile by Number Answered
Your Score History
You have not taken this quiz